000 00665nam a2200217 a 4500
001 63342
003 BD-RjUL
005 20211209081202.0
008 170126s1892 enk 001 0 eng d
035 _a(BD-RjUL) 63471
040 _aDLC
_cFO
_dOCoLC
_dICIU
_dOCoLC
_dDLC
_dBD-RjUL
_beng
041 _aeng
082 _a820.9
_bWHL 1892
_223
100 _aWheatley, Henry B
_9188496
245 1 0 _aLiterary blunders :
_ba chapter in the "History of human error." /
_cHenry B Wheatley
260 _aLondon :
_bElliot Stock,
_c1892
300 _a[8], 226 p. ;
_c19 cm.
500 _aIncludes index.
650 _aErrors and blunders, Literary.
_9188497
942 _2ddc
_cBK
999 _c63342
_d63342